Catálogo de la Biblioteca Horacio González - Universidad Nacional de General Sarmiento

Eva Perón (Registro nro. 54952)

Detalles MARC
000 -CABECERA
campo de control de longitud fija 01513ngm a22003250a 4500
001 - NÚMERO DE CONTROL
campo de control PT36301
003 - IDENTIFICADOR DEL NÚMERO DE CONTROL
campo de control AR-LpoUNG
005 - FECHA Y HORA DE LA ÚLTIMA TRANSACCIÓN
campo de control 20210202000504.0
007 - CAMPO FIJO DE DESCRIPCIÓN FÍSICA--INFORMACIÓN GENERAL
campo de control de longitud fija vd cvaizq
008 - DATOS DE LONGITUD FIJA--INFORMACIÓN GENERAL
campo de control de longitud fija 191001suuuu||||ag |||||||||||||||||spa d
037 ## - FUENTE DE ADQUISICIÓN
Condiciones de disponibilidad $8.3
040 ## - FUENTE DE LA CATALOGACIÓN
Centro catalogador/agencia de origen AR-LpoUNG
Lengua de catalogación spa
Centro/agencia transcriptor AR-LpoUNG
Normas de descripción aacr
041 ## - CÓDIGO DE LENGUA
Código de lengua del texto/banda sonora o título independiente spa
044 ## - CÓDIGO DEL PAÍS DE LA ENTIDAD EDITORA/PRODUCTORA
Código MARC del país ag
082 0# - NÚMERO DE LA CLASIFICACIÓN DECIMAL DEWEY
Número de clasificación 982.062 441eva
100 1# - ENTRADA PRINCIPAL--NOMBRE DE PERSONA
Nombre de persona Desanzo, Juan Carlos
Término indicativo de función/relación dir.
245 10 - MENCIÓN DE TÍTULO
Título Eva Perón
260 ## - PUBLICACIÓN, DISTRIBUCIÓN, ETC.
Lugar de publicación, distribución, etc. Buenos Aires :
Nombre del editor, distribuidor, etc. Aleph Producciones,
Fecha de publicación, distribución, etc. 2007.
300 ## - DESCRIPCIÓN FÍSICA
Extensión DVD (120 min.) : son., col.
505 0# - NOTA DE CONTENIDO CON FORMATO
Nota de contenido con formato Hecha en 1996. - Créditos: Guión, José Pablo Feinmann; fotografía, Juan Carlos Lenardi; dirección de arte, Miguel Angel Lumaldo; vestuario, Leonor Puga Sabaté; montaje, Sergio Zóttola; música, José Luis Castiñeira de Dios; ambientación, Graciela Fraguglia; maquillaje, Jorge Bruno; fotógrafo de filmación, Alfredo Suárez. - Elenco: Esther Goris (María Eva Duarte de Perón), Víctor Laplace (Juan Domingo Perón), Cristina Banegas (Doña Juana Ibarguren), Pepe Novoa (Franklin Lucero), Irma Córdoba (Mercedes de Achával Junco), Lorenzo Quinteros (Gral. Eduardo Lonardi), Tony Vilas (Edelmiro Farrel).
520 ## - SUMARIO, ETC.
Sumario, etc. La historia de una de las mujeres más amada de la Argentina, en una versión intimista en torno del poder y su relación con Juan Domingo Perón.
650 #4 - PUNTO DE ACCESO ADICIONAL DE MATERIA--TÉRMINO DE MATERIA
Término de materia o nombre geográfico como elemento de entrada ARGENTINA
650 #4 - PUNTO DE ACCESO ADICIONAL DE MATERIA--TÉRMINO DE MATERIA
Término de materia o nombre geográfico como elemento de entrada BIOGRAFIAS
650 #4 - PUNTO DE ACCESO ADICIONAL DE MATERIA--TÉRMINO DE MATERIA
Término de materia o nombre geográfico como elemento de entrada HISTORIA
651 #4 - PUNTO DE ACCESO ADICIONAL DE MATERIA--NOMBRE GEOGRÁFICO
Nombre geográfico Argentina
653 ## - TÉRMINO DE INDIZACIÓN--NO CONTROLADO
Término no controlado CINE ARGENTINO
653 ## - TÉRMINO DE INDIZACIÓN--NO CONTROLADO
Término no controlado VIDEOS
905 ## - ELEMENTOS DE DATOS E LOCAL, LDE (RLIN)
a 36301
942 ## - ELEMENTOS DE PUNTO DE ACCESO ADICIONAL (KOHA)
Tipo de ítem Koha DVD
Existencias
Estado de retiro Estado de pérdida Estado dañado No para préstamo Código de colección Localización permanente Ubicación/localización actual Fecha de adquisición Total de préstamos Signatura topográfica completa Código de barras Fecha visto por última vez Precio válido a partir de Tipo de ítem Koha
        Colección Cine Biblioteca Universidad Nacional de General Sarmiento Biblioteca Universidad Nacional de General Sarmiento 02/02/2021   982.062 441eva 00043860 27/06/2023 02/02/2021 DVD
        Colección Cine Biblioteca Universidad Nacional de General Sarmiento Biblioteca Universidad Nacional de General Sarmiento 02/02/2021   982.062 441eva 00043861 02/02/2021 02/02/2021 DVD